000 01371nam a22001577a 4500
999 _c521868
_d521868
008 230228b ||||| |||| 00| 0 eng d
100 _aThomas, Ajay Jacob
_937779
245 _aReconfiguring colonial hierarchies: Examining the ‘European versus native wrestling’ debate in the late nineteenth-century India
260 _aThe Indian Economic and Social History Review
300 _a59(2), Apr-Jun, 2022: p.171-198
520 _aThe ‘empire’ as a project has always been fraught with tensions across several dimensions. And that tension is evident in the relationship between the ‘coloniser’ and the ‘colonised’ throughout the social, political and economic spectrum. At times, many of these tensions spill over in interesting ways at the most unexpected moments revealing lesser-known dimensions of the colonial relations. The 1891 wrestling match between the English Champion wrestler Tom Cannon and the Maharajah of Jodhpur’s court wrestler, Karim Bux in Calcutta, the British Indian capital, was one such moment. This article is an attempt to demonstrate how wrestling matches between a European and a native could become a flash point that it became, among other
650 _aEmpire, European, Native, Wrestling, Colonialism.
_936125
773 _aThe Indian Economic and Social History Review
906 _aCOLONIALISM
942 _cAR